The Kids Aren't Alright - Fall Out Boy (All Lyrics) - Statistics

General Stats
  • This quiz has been taken 49 times
  • The average score is 277 of 347
Answer Stats
Answer % Correct
a
97%
I
97%
kids
97%
the
97%
you
97%
And
94%
and
94%
are
94%
aren't
94%
it
94%
It
94%
know
94%
your
94%
all
91%
All
91%
alright
91%
be
91%
do
91%
Don't
91%
free
91%
my
91%
of
91%
that
91%
That
91%
When
91%
best
88%
bit
88%
chew
88%
could
88%
for
88%
friend
88%
in
88%
maybe
88%
more
88%
off
88%
than
88%
think
88%
to
88%
you're
88%
again
85%
aqua
85%
blue
85%
end
85%
I'd
85%
like
85%
on
85%
On
85%
who
85%
Who
85%
bring
82%
couldn't
82%
knees
82%
me
82%
wanna
82%
capture
79%
Fall
79%
fall
79%
fill
79%
get
79%
just
79%
time
79%
before
76%
heroes
76%
pours
76%
rains
76%
rapture
76%
Stuck
76%
up
76%
wash
76%
Bad
73%
black
73%
boys
73%
can't
73%
I'm
73%
jet
73%
sheets
73%
thirsty
73%
too
73%
trip
73%
between
70%
Blessed
70%
but
70%
case
70%
crooked
70%
I'll
70%
is
70%
late
70%
smiles
70%
Stay
70%
trophy
70%
want
70%
window
70%
yours
70%
fade
67%
if
67%
now
67%
quit
67%
see
67%
streets
67%
always
64%
it's
64%
pitch
64%
our
61%
coming
58%
curse
58%
feel
58%
film
58%
love
58%
sadness
58%
We
58%
anemic
55%
Former
55%
not
55%
or
55%
passive
55%
put
55%
reverse
55%
set
55%
aggressive
52%
believe
52%
from
52%
impressive
52%
note
52%
old
52%
rush
52%
still
52%
Take
52%
wanna
52%
balloon
48%
carnival
48%
dead
48%
Empty
48%
Overhead
48%
photographs
48%
those
48%
banners
45%
dumping
45%
floor
45%
head
45%
I've
45%
people
45%
seen
45%
veins
45%
bedroom
42%
purse
42%
as
39%
dirty
39%
let
39%
raised
39%
shoes
39%
at
36%
bear
36%
around
33%
gaze
33%
sit
33%
Sometimes
33%
with
33%
Maul
30%
twists
30%
world
30%
No matching quizzes found
Score Distribution
Percent of People with Each Score
Percentile by Number Answered
Your Score History
You have not taken this quiz